000 00536nam a22001937a 4500
003 KOHA_MİRAKIL
005 20250429134145.0
008 250429b tu ||||| |||| 00| 0 tur d
020 _a9786257587808
040 _aTR-AnABB
_btur
_cTR-AnABB
041 _atur
082 _a823.914
_bWİL 2021
100 1 _aWilliams, Charles,
245 1 0 _aMutlak aslan /
_cCharles Williams
260 _aİstanbul :
_bKetebe Yayınları,
_c2021
300 _a235 sayfa ;
_c21 cm
650 0 4 _aİngiliz edebiyatı, roman
942 _2ddc
_cBK
999 _c8855
_d8855
900 _bGizem YORULMAZ